|
|
|
|
| LEADER |
00000nam a2200000 a 4500 |
| 001 |
vtls009152188 |
| 003 |
SK-MaSNL |
| 005 |
20260301140312.0 |
| 008 |
160610s2006 xo dl d p 000 0 slo |
| 015 |
|
|
|a SNBA2007/11-05526
|
| 020 |
|
|
|a 8080706182
|q (brož.)
|
| 035 |
|
|
|a F1559F78-5352-41AC-9DFD-90F15CCD19C3
|
| 035 |
|
|
|a urn:nbn:sk:snk-amktg6
|
| 035 |
|
|
|a urn:nbn:sk:snk-am005630
|
| 040 |
|
|
|a SNK
|b slo
|c SNK
|e AACR2
|
| 041 |
0 |
|
|a slo
|
| 044 |
|
|
|a xo
|c SK
|
| 072 |
|
7 |
|a 339.7/.9
|x Svetová ekonomika a medzinárodné financie
|2 konspekt
|
| 080 |
|
|
|a 339.9
|2 2001
|
| 080 |
|
|
|a 338.2
|2 2001
|
| 080 |
|
|
|a 339.9:061
|2 2001
|
| 080 |
|
|
|a 339.727.22
|2 2001
|
| 080 |
|
|
|a (075.8)
|2 2001
|
| 245 |
0 |
0 |
|a Vybrané kapitoly z medzinárodnej ekonomiky
|c Tatiana Čorejová ... [et al.]
|
| 250 |
|
|
|a 1. vyd.
|
| 260 |
|
|
|a V Žiline
|b Žilinská univerzita
|c 2006
|
| 300 |
|
|
|a 131 s.
|b grafy, sch., tab.
|c 29 cm
|
| 366 |
|
|
|e 150 výt.
|
| 500 |
|
|
|a Zoz. skrat.
|
| 504 |
|
|
|a Bibliogr. odkazy
|
| 650 |
0 |
7 |
|a svetová ekonomika
|2 SNKPH
|9 3976
|
| 650 |
0 |
7 |
|a hospodárska politika
|2 SNKPH
|9 2279
|
| 650 |
0 |
7 |
|a medzinárodné ekonomické inštitúcie
|2 SNKPH
|9 84170
|
| 650 |
0 |
7 |
|a zahraničné investície
|2 SNKPH
|9 2650
|
| 655 |
|
7 |
|a učebnice vysokých škôl
|2 SNKPH
|9 70191
|
| 700 |
1 |
|
|a Čorejová, Tatiana
|4 aut
|9 39474
|
| 700 |
1 |
|
|a Majerčáková, Margita,
|d 1969-
|4 aut
|9 189677
|
| 700 |
1 |
|
|a Madleňáková, Lucia,
|d 1975-
|4 aut
|9 255087
|
| 700 |
1 |
|
|a Močková, Miriam
|4 aut
|9 492786
|
| 752 |
|
|
|a Slovensko
|d Žilina
|
| 919 |
|
|
|a 80-8070-618-2
|
| 954 |
|
|
|a odborná, vedecká literatúra pôvodná (slovenská)
|2 lita
|
| 958 |
|
|
|a NB
|
| 999 |
|
|
|c 763196
|d 765126
|
| 952 |
|
|
|a SNK
|b SNK
|y PREZ
|7 0
|p 17A0562725
|o snkSB 75102
|i snk2007/22728
|8 0
|0 0
|1 0
|4 0
|d 2007-10-23
|f 1
|l 0
|r 2025-04-25 00:00:00
|w 2026-02-24
|
| 952 |
|
|
|a SNK
|b SNK
|y VYP
|7 0
|p 17A0562720
|o snkSB 75102 D1
|i snk2007/22729
|8 0
|0 0
|1 0
|4 0
|d 2007-10-23
|l 0
|r 2016-06-30 00:00:00
|w 2026-02-24
|